Social responsibility when developing automated fuel supply system fora boiler furnace; Journal of Economics and Social Sciences; № 12
| Parent link: | Journal of Economics and Social Sciences: electronic scientific journal.— , 2012-.— 2312-2978 № 12.— 2018.— [4 p.] |
|---|---|
| প্রধান লেখক: | |
| সংস্থা লেখক: | |
| সংক্ষিপ্ত: | Title screen This paper is devoted to the automated fuel supply system of the hot water boiler «НР-18», working on organic watercoalfuels (OCWF), from the point of view of social and environmental responsibility. The risks to personnel and theenvironment have been studied during the operation of this boiler at different times of the year and in different modes.The threat to the environment is assessed and recommendations are made to reduce these threats. Summarizing theresults the author gives several directions for reducing emissions of toxic substances into the atmosphere and forincreasing the energy and environmental efficiency of heat power engineering. |
| ভাষা: | ইংরেজি |
| প্রকাশিত: |
2018
|
| মালা: | Социологические науки |
| বিষয়গুলি: | |
| অনলাইন ব্যবহার করুন: | http://earchive.tpu.ru/handle/11683/49529 |
| বিন্যাস: | MixedMaterials বৈদ্যুতিক গ্রন্থের অধ্যায় |
| KOHA link: | https://koha.lib.tpu.ru/cgi-bin/koha/opac-detail.pl?biblionumber=578272 |
MARC
| LEADER | 00000naa2a2200000 4500 | ||
|---|---|---|---|
| 001 | 578272 | ||
| 005 | 20231101130438.0 | ||
| 035 | |a (RuTPU)RU\TPU\prd\277825 | ||
| 035 | |a RU\TPU\prd\277823 | ||
| 090 | |a 578272 | ||
| 100 | |a 20180620a2018 k y0rusy50 ba | ||
| 101 | 0 | |a eng | |
| 102 | |a RU | ||
| 135 | |a drcn ---uucaa | ||
| 181 | 0 | |a i | |
| 182 | 0 | |a b | |
| 200 | 1 | |a Social responsibility when developing automated fuel supply system fora boiler furnace |f P. Tkachenko | |
| 203 | |a Text |c electronic | ||
| 215 | |a 1 файл (157 Кб) | ||
| 225 | 1 | |a Социологические науки | |
| 230 | |a Электронные текстовые данные (1 файл : 157 Кб) | ||
| 300 | |a Title screen | ||
| 320 | |a [References: 5 tit.] | ||
| 330 | |a This paper is devoted to the automated fuel supply system of the hot water boiler «НР-18», working on organic watercoalfuels (OCWF), from the point of view of social and environmental responsibility. The risks to personnel and theenvironment have been studied during the operation of this boiler at different times of the year and in different modes.The threat to the environment is assessed and recommendations are made to reduce these threats. Summarizing theresults the author gives several directions for reducing emissions of toxic substances into the atmosphere and forincreasing the energy and environmental efficiency of heat power engineering. | ||
| 461 | 1 | |0 (RuTPU)RU\TPU\prd\225573 |x 2312-2978 |t Journal of Economics and Social Sciences |o electronic scientific journal |d 2012- | |
| 463 | 1 | |0 (RuTPU)RU\TPU\prd\277806 |t № 12 |v [4 p.] |d 2018 | |
| 610 | 1 | |a труды учёных ТПУ | |
| 610 | 1 | |a электронный ресурс | |
| 610 | 1 | |a social responsibility | |
| 610 | 1 | |a environmental safety | |
| 610 | 1 | |a fuel | |
| 610 | 1 | |a burning | |
| 610 | 1 | |a социальная ответственность | |
| 610 | 1 | |a экологическая безопасность | |
| 610 | 1 | |a топливо | |
| 610 | 1 | |a сжигание | |
| 700 | 1 | |a Tkachenko |b P. P. |c specialist in the field of heat and power engineering |c Research Engineer of Tomsk Polytechnic University |f 1996- |g Pavel Petrovich |2 stltpush |3 (RuTPU)RU\TPU\pers\46849 | |
| 712 | 0 | 2 | |a National Research Tomsk Polytechnic University (TPU) |2 stltpush |3 (RuTPU)RU\TPU\col\18773 |
| 801 | 1 | |a RU |b 63413507 |c 20090623 |g PSBO | |
| 801 | 2 | |a RU |b 63413507 |c 20210514 |g PSBO | |
| 856 | 4 | |u http://earchive.tpu.ru/handle/11683/49529 | |
| 942 | |c BK | ||